000 00684nam a22002057a 4500
942 _cBK
999 _c632
_d632
005 20250420134819.0
008 200816b ||||| |||| 00| 0 eng d
020 _a9780521753623
040 _cKCST
082 _a428.34
_bDi En
100 _a Dignen, Bob
_95135
245 _aEnglish 365:
_bStudent's book 1 : for work and life /
_cBob Dignen; Steve Flinders; Simon Sweeney
260 _aCambridge :
_bCambridge University Press,
_c2004.
300 _a143 p.
650 _aEnglish language
_vTextbooks for foreign speakers.
_94734
650 _aEnglish language
_vProblems, exercises, etc.
_94926
650 _aEnglish language
_vSpoken English.
_94992
942 _2ddc